00785cam a2200217u 450000100100000000500170001000800410002701000130006804000240008105000220010510000480012724500610017525000120023626000620024830000310031065000460034165000180038791000340040595201110043999900170055000001167520200929162526.0820607s1972 ag a 000 0 spa  a73319880 aDO-SdBNPcCarPdDLC00aHF5549.5.J62bM371 aMaristany, Jaime. [from old catalog]92766910aEvaluacion de tareas y administracion de remuneraciones. a1a. ed. a[Buenos Aires, :bEdiciones Contabilidad Moderna,c1972]. a397 p. :billus. ;c24 cm. 0aJob evaluation. [from old catalog]927670 0aWages.927671 aCatalogación por copia / LC 001052708MOaGRbGRcCTd2009-10-23iLF1l0o p11675-10r2020-06-25w2020-06-25y2ZPréstamo interno c11362d11362